Organisational behaviour in the workplace / (Record no. 3471)

MARC details
000 -LEADER
fixed length control field 00544cam a22001818i 4500
008 - FIXED-LENGTH DATA ELEMENTS--GENERAL INFORMATION
fixed length control field 190426s2019 enk 000 0 eng
020 ## - INTERNATIONAL STANDARD BOOK NUMBER
ISBN 9781292245485 (print)
100 1# - MAIN ENTRY--AUTHOR
Author Mullins, Laurie J.,
245 10 - TITLE STATEMENT
Title Organisational behaviour in the workplace /
Statement of responsibility, etc Laurie J. Mullins with Jacqueline McLean.
250 ## - EDITION STATEMENT
Edition statement Twelfth edition.
260 ## - PUBLICATION, DISTRIBUTION, ETC. (IMPRINT)
Place of publication Harlow-Uk
Name of publisher Pearson
Date of publication 2019
300 ## - COLLATION
Pagination xxxv, 714p.
Other physical details ill.
650 #0 - TRACINGS
Main Subject Organizational behavior.
700 1# - ADDITIONAL AUTHOR
Additional Author McLean, Jacqueline E.,
942 ## - ADDED ENTRY ELEMENTS (KOHA)
Item type Books
050 00 - LIBRARY OF CONGRESS CALL NUMBER
Classification number HD58.7
Item number .M85 2019
082 00 - DEWEY DECIMAL CLASSIFICATION NUMBER
Classification number 658
Holdings
Source of classification or shelving scheme Not for loan Permanent location Current location Date acquired Accession No. Full call number Barcode. Koha item type
Library of Congress Classification   Samuel Ogbemudia Main Library, University of Abuja Samuel Ogbemudia Main Library, University of Abuja 05/14/2025 2024/64225 HD58.7.M35 2025-1939 Books